• 首页
  • 本馆介绍
  • 公告通知
  • 最新文献
  • 馆藏检索
  • 电子资源
  • 读者导购
  • 参考咨询
  • 我的图书馆
  • 登录
  • 详细信息显示
  • 放入我的书架
  • 预约/预借图书
  • 作者相关作品
  • 分类相关作品
  • 丛书相关作品
  • 出版社相关作品

书目信息

  • 表格格式
  • 工作单格式
  • 卡片格式
题名:
蓝色高地
    
 
作者: 高艳国 , 赵方新 著
分册:  
出版信息: 济南   山东人民出版社  2018
页数: 293页
开本: 24cm
丛书名:
单 册:
中图分类: I253.3 , K825.34=76
科图分类:
主题词: 报告文学--bao gao wen xue--作品集--中国--当代 , 地方税收--di fang shui shou--先进工作者--先进事迹--烟台
电子资源:
ISBN: 978-7-209-11294-9
000 01269nam0 2200301 450
001 012001007884
005 20130121154034.0
010    @a978-7-209-11294-9@dCNY38.00
099    @aCAL 012018196197
100    @a20180912d2018 em y0chiy50 ea
101 0  @achi
102    @aCN@b370000
105    @aa z 000zd
106    @ar
200 1  @a蓝色高地@Alan se gao di@e山东烟台地税系统道德模范人物群像@f高艳国, 赵方新著
210    @a济南@c山东人民出版社@d2018
215    @a293页@c图@d24cm
314    @a高艳国, 山东武城人, 中国作家协会会员、中国诗歌学会理事。赵方新, 山东齐河人, 中国作家协会会员、中国报告文学学会会员。
330    @a本书分为湛蓝色的情怀、藏蓝色的风采、蔚蓝色的呼唤、澄蓝色的芬芳四部分, 收录了《王冬 勇敢者的道义担当》《孙礼明 一个税官的“三重境界”》《朱建华 税务员的“书生本色”》等报告文章。
517 1  @a山东烟台地税系统道德模范人物群像@Ashan dong yan tai di shui xi tong dao de mo fan ren wu qun xiang
606 0  @a报告文学@Abao gao wen xue@x作品集@y中国@z当代
606 0  @a地方税收@Adi fang shui shou@x先进工作者@x先进事迹@y烟台
690    @aI253.3@v5
690    @aK825.34=76@v5
701  0 @a高艳国@Agao yan guo@4著
701  0 @a赵方新@Azhao fang xin@4著
801  0 @aCN@b上海新华@c20191020
905    @b1134189-92@dI253.3@e1112@f4
    
    蓝色高地:山东烟台地税系统道德模范人物群像/高艳国, 赵方新著.-济南:山东人民出版社,2018
    293页:图;24cm
    
    
    ISBN 978-7-209-11294-9:CNY38.00
    本书分为湛蓝色的情怀、藏蓝色的风采、蔚蓝色的呼唤、澄蓝色的芬芳四部分, 收录了《王冬 勇敢者的道义担当》《孙礼明 一个税官的“三重境界”》《朱建华 税务员的“书生本色”》等报告文章。
●
相关链接 在E读中查询图书 在五车中查询图书 在当当中查询图书 在豆瓣中查询图书


正题名:蓝色高地     索取号:I253.3/1112         预约/预借

序号 登录号 条形码 馆藏地/架位号 状态 备注
1 1134189   211341895   第一样本阅览室/ [索取号:I253.3/1112] 在馆    
2 1134190   211341902   第二借阅区/ [索取号:I253.3/1112] 在馆    
3 1134191   211341911   第二借阅区/ [索取号:I253.3/1112] 在馆    
4 1134192   211341920   第二借阅区/ [索取号:I253.3/1112] 在馆    
唐山师范学院图书馆 欢迎您!
大连网信软件有限公司© 版权所有